Most Populous US Islands - Statistics

General Stats
  • This quiz has been taken 76 times
  • The average score is 6 of 10
Answer Stats
Population Answer % Correct
190,821 Hawaii
87%
7,838,822 Long Island
87%
976,372 Oahu
80%
1,619,090 Manhattan
79%
160,202 Maui
65%
474,558 Staten Island
65%
3,474,182 Puerto Rico
52%
154,805 Guam
38%
67,091 Kauai
38%
73,812 Alameda
1%
No matching quizzes found
Score Distribution
Percent of People with Each Score
Percentile by Number Answered
Your Score History
You have not taken this quiz